| 000 | 01062nas a2200217 i 4500 | ||
|---|---|---|---|
| 001 | 768714001 | ||
| 003 | CO-MdFUSB | ||
| 005 | 20240823123935.0 | ||
| 008 | 220906s1986 ck ||||| |||| 00| 0 spa d | ||
| 040 |
_bspa _cCO-MdFUSB _dCO-MdFUSB |
||
| 041 | _aspa | ||
| 110 | _aCentro Antropologico Colombiano ETHNIA | ||
| 245 | 4 |
_aLos Ticunas _c/ Centro Antropologico Colombiano ETHNIA |
|
| 300 |
_aVolumen 64, (septiembre, 1986) páginas: 5 - 91 _c; 23 cm |
||
| 520 | _aMarco geográfico / Arcelia Cifuentes -- Grupos indígenas del trapecio amazónico. / Arcelia Cifuentes- -Tecnología y Economía. / Arcelia Cifuentes -- Organización social. / Juan Antonio Font -- Creencias y prácticas mágico-religiosas. / Juan Antonio Font -- Cambio cultural arara ayer y hoy. / Juan Antonio Font | ||
| 650 | 7 |
_93 _aCultura |
|
| 650 | 7 |
_aAntropología cultural y social _96714 |
|
| 773 | 0 |
_049438 _981251 _dCentro Antropológico Colombiano _oR1676 _tEthnia _w(CO-MdFUSB)768714001 _gVolumen 64, (septiembre, 1986) páginas: 5 - 91 _qpágina: 5 |
|
| 942 | _cANA | ||
| 945 | _aAF | ||
| 999 |
_c68119 _d68119 |
||